[Event "ESP chT Honor Division 2019"]
[Site "Melilla"]
[Date "2019.10.04"]
[Round "5.6"]
[White "Vega Gutierrez, Belinda"]
[Black "Osmak, Iulija"]
[Result "1/2-1/2"]
[WhiteElo "2152"]
[BlackElo "2409"]
[Annotator "ChessBase"]
[PlyCount "227"]
[EventDate "2019.09.30"]
[EventType "team-tourn"]
[EventCountry "ESP"]
[SourceTitle "playchess.com"]
[Source "ChessBase"]
[SourceQuality "1"]
[TimeControl "40/5400+30:1800+30"]

1. e4 {[%emt 0:00:00]} e5 {[%emt 0:00:00]} 2. Nf3 {[%emt 0:00:00]} Nc6 {[%emt 0:00:00]} 3. Bb5 {[%emt 0:00:16]} a6 {[%emt 0:00:00]} 4. Ba4 {[%emt 0:00:15]} b5 {[%emt 0:00:00]} 5. Bb3 {[%emt 0:00:08]} Na5 {[%emt 0:00:00]} 6. O-O {[%emt 0:11:29]} d6 {[%emt 0:00:25]} 7. c3 {[%emt 0:08:43]} Nxb3 {[%emt 0:00:19]} 8. axb3 {[%emt 0:00:02]} Nf6 {[%emt 0:02:08]} 9. d4 {[%emt 0:10:12]} Nxe4 {[%emt 0:03:30]} 10. dxe5 {[%emt 0:03:13]} Bb7 {[%emt 0:02:04]} 11. Re1 {[%emt 0:02:31]} dxe5 {[%emt 0:11:47]} 12. Qxd8+ {[%emt 0:14:45]} Rxd8 {[%emt 0:00:39]} 13. Nbd2 {[%emt 0:00:32]} Nxd2 {[%emt 0:05:16]} 14. Rxe5+ {[%emt 0:00:16]} Be7 {[%emt 0:00:10]} 15. Nxd2 {[%emt 0:00:14]} f6 {[%emt 0:03:54]} 16. Re1 {[%emt 0:00:09]} Kf7 {[%emt 0:00:04]} 17. b4 {[%emt 0:06:02]} Rhe8 {[%emt 0:00:46]} 18. Nf1 {[%emt 0:00:08]} c5 {[%emt 0:01:06]} 19. bxc5 {[%emt 0:06:07]} Bxc5 {[%emt 0:00:04]} 20. Be3 {[%emt 0:00:35]} Bf8 {[%emt 0:05:14]} 21. h3 {[%emt 0:03:06]} Re6 {[%emt 0:04:04]} 22. Ng3 {[%emt 0:01:29]} b4 {[%emt 0:01:46]} 23. cxb4 {[%emt 0:03:23]} Bxb4 {[%emt 0:00:04]} 24. Rec1 {[%emt 0:01:50]} Rd7 {[%emt 0:09:13]} 25. Nf5 {[%emt 0:02:26]} Re5 {[%emt 0:05:54]} 26. Nd4 {[%emt 0:02:07]} Bf8 {[%emt 0:04:13]} 27. Nc6 {[%emt 0:08:13]} Re6 {[%emt 0:03:03]} 28. Na5 {[%emt 0:01:08]} Be4 {[%emt 0:00:30]} 29. Nc4 {[%emt 0:07:44]} Rb7 {[%emt 0:01:47]} 30. Rd1 {[%emt 0:01:14]} Rb4 {[%emt 0:03:22]} 31. Nd2 {[%emt 0:02:46]} Bb7 {[%emt 0:01:32]} 32. b3 {[%emt 0:00:59]} f5 {[%emt 0:07:46]} 33. Nc4 {[%emt 0:01:33]} Be7 {[%emt 0:01:09]} 34. Na5 {[%emt 0:01:14]} Be4 {[%emt 0:03:55]} 35. Rd7 {[%emt 0:01:23]} Rb5 {[%emt 0:00:28]} 36. Rc7 {[%emt 0:00:39]} h6 {[%emt 0:07:31]} 37. Nc4 {[%emt 0:00:34]} Rxb3 {[%emt 0:05:52]} 38. Bc5 {[%emt 0:00:16]} Rb1+ {[%emt 0:01:01]} 39. Rxb1 {[%emt 0:00:01]} Bxb1 {[%emt 0:00:04]} 40. Ra7 {[%emt 0:01:13]} Bd3 {[%emt 0:02:06]} 41. Bxe7 {[%emt 0:17:19]} Bxc4 {[%emt 0:00:11]} 42. Bb4+ {[%emt 0:00:15]} Kg8 {[%emt 0:00:36]} 43. Bc3 {[%emt 0:00:13]} g5 {[%emt 0:07:15]} 44. Kh2 {[%emt 0:00:55]} Kf8 {[%emt 0:01:54]} 45. Bd4 {[%emt 0:04:44]} Ke8 {[%emt 0:01:03]} 46. Bc3 {[%emt 0:02:15]} Bd5 {[%emt 0:02:51]} 47. Ba5 {[%emt 0:01:20]} Rc6 {[%emt 0:04:21]} 48. Rh7 {[%emt 0:03:38]} Kf8 {[%emt 0:04:29]} 49. Ra7 {[%emt 0:01:37]} Ke8 {[%emt 0:02:02]} 50. Rh7 {[%emt 0:00:14]} Bc4 {[%emt 0:06:21]} 51. Kg1 {[%emt 0:01:32]} Bd3 {[%emt 0:01:14]} 52. Kh2 {[%emt 0:00:17]} Be4 {[%emt 0:00:31]} 53. Ra7 {[%emt 0:00:37]} Rc2 {[%emt 0:03:05]} 54. Kg1 {[%emt 0:00:06]} Rc1+ {[%emt 0:00:07]} 55. Kh2 {[%emt 0:00:01]} Rc6 {[%emt 0:00:05]} 56. Kg1 {[%emt 0:00:05]} Rd6 {[%emt 0:01:17]} 57. Kh2 {[%emt 0:00:12]} Bd3 {[%emt 0:01:07]} 58. Bc3 {[%emt 0:03:18]} Be4 {[%emt 0:00:52]} 59. Ba5 {[%emt 0:00:09]} Bd3 {[%emt 0:02:21]} 60. Bc3 {[%emt 0:00:02]} Bb5 {[%emt 0:00:05]} 61. Rh7 {[%emt 0:00:19]} Rc6 {[%emt 0:01:16]} 62. Ba5 {[%emt 0:00:31]} Kf8 {[%emt 0:01:11]} 63. Ra7 {[%emt 0:00:09]} Rg6 {[%emt 0:02:01]} 64. Bc3 {[%emt 0:00:19]} g4 {[%emt 0:00:51]} 65. hxg4 {[%emt 0:01:34]} fxg4 {[%emt 0:01:28]} 66. Bd2 {[%emt 0:00:25]} Kg8 {[%emt 0:00:27]} 67. Kg3 {[%emt 0:00:28]} Bc4 {[%emt 0:01:06]} 68. Be3 {[%emt 0:01:17]} Bd5 {[%emt 0:00:27]} 69. Bd4 {[%emt 0:00:22]} h5 {[%emt 0:00:12]} 70. Kh4 {[%emt 0:00:36]} Rd6 {[%emt 0:00:38]} 71. Bc5 {[%emt 0:00:30]} Rc6 {[%emt 0:00:28]} 72. Be3 {[%emt 0:00:33]} Bxg2 {[%emt 0:00:47]} 73. Kxh5 {[%emt 0:00:08]} Bf3 {[%emt 0:00:05]} 74. Kg5 {[%emt 0:00:11]} Kf8 {[%emt 0:00:10]} 75. Kf5 {[%emt 0:01:00]} Ke8 {[%emt 0:00:08]} 76. Bg5 {[%emt 0:00:35]} Rb6 {[%emt 0:00:40]} 77. Kf4 {[%emt 0:00:29]} Rb4+ {[%emt 0:00:30]} 78. Kg3 {[%emt 0:00:39]} Bb7 {[%emt 0:00:23]} 79. Bf4 {[%emt 0:00:53]} Kd7 {[%emt 0:00:39]} 80. Kxg4 {[%emt 0:00:15]} Kc6 {[%emt 0:00:15]} 81. Kg5 {[%emt 0:00:20]} Rb3 {[%emt 0:01:09]} 82. Be3 {[%emt 0:00:25]} Kc7 {[%emt 0:00:07]} 83. Kf6 {[%emt 0:00:24]} Kb8 {[%emt 0:00:54]} 84. Bd4 {[%emt 0:00:03]} Rf3+ {[%emt 0:00:47]} 85. Kg7 {[%emt 0:01:25]} Kc7 {[%emt 0:00:41]} 86. Be3 {[%emt 0:00:18]} Kc6 {[%emt 0:00:30]} 87. Bd4 {[%emt 0:00:23]} Rd3 {[%emt 0:00:24]} 88. Be3 {[%emt 0:00:08]} Rd7+ {[%emt 0:00:10]} 89. Kf6 {[%emt 0:01:06]} Kd5 {[%emt 0:00:05]} 90. Kg5 {[%emt 0:00:38]} Rf7 {[%emt 0:00:10]} 91. Kg6 {[%emt 0:00:26]} Ke6 {[%emt 0:00:07]} 92. Kg5 {[%emt 0:00:06]} Ke5 {[%emt 0:00:34]} 93. Kg6 {[%emt 0:00:15]} Rd7 {[%emt 0:00:07]} 94. Bc5 {[%emt 0:00:32]} Kd5 {[%emt 0:00:44]} 95. Be3 {[%emt 0:00:02]} Kc4 {[%emt 0:00:10]} 96. Kf6 {[%emt 0:00:33]} Kb5 {[%emt 0:00:08]} 97. Ke6 {[%emt 0:00:20]} Rh7 {[%emt 0:00:09]} 98. Kd6 {[%emt 0:00:45]} Rf7 {[%emt 0:00:26]} 99. Ke6 {[%emt 0:00:14]} Rg7 {[%emt 0:00:05]} 100. Kd6 {[%emt 0:00:04]} a5 {[%emt 0:00:11]} 101. Bd2 {[%emt 0:01:51]} Rg6+ {[%emt 0:00:15]} 102. Ke5 {[%emt 0:00:24]} Ba6 {[%emt 0:00:07]} 103. Bxa5 {[%emt 0:00:46]} Kxa5 {[%emt 0:00:09]} 104. f4 {[%emt 0:00:06]} Kb6 {[%emt 0:00:34]} 105. f5 {[%emt 0:00:53]} Rg1 {[%emt 0:00:08]} 106. Rxa6+ {[%emt 0:00:43]} Kxa6 {[%emt 0:00:05]} 107. f6 {[%emt 0:00:03]} Kb7 {[%emt 0:00:30]} 108. f7 {[%emt 0:00:26]} Rf1 {[%emt 0:00:05]} 109. Ke6 {[%emt 0:00:04]} Kc7 {[%emt 0:00:06]} 110. Ke7 {[%emt 0:00:04]} Re1+ {[%emt 0:00:04]} 111. Kf6 {[%emt 0:00:08]} Kd7 {[%emt 0:00:09]} 112. f8=Q {[%emt 0:00:11]} Rf1+ {[%emt 0:00:02]} 113. Kg7 {[%emt 0:00:09]} Rxf8 {[%emt 0:00:05]} 114. Kxf8 1/2-1/2

[Event "ESP chT Honor Division 2019"]
[Site "Melilla"]
[Date "2019.10.04"]
[Round "5.7"]
[White "Ivanchuk, Vassily"]
[Black "Rakhmanov, Aleksandr"]
[Result "1/2-1/2"]
[WhiteElo "2686"]
[BlackElo "2621"]
[Annotator "ChessBase"]
[PlyCount "102"]
[EventDate "2019.09.30"]
[EventType "team-tourn"]
[EventCountry "ESP"]
[SourceTitle "playchess.com"]
[Source "ChessBase"]
[SourceQuality "1"]
[TimeControl "40/5400+30:1800+30"]

1. e4 {[%emt 0:00:00]} e5 {[%emt 0:00:00]} 2. Nf3 {[%emt 0:00:00]} Nf6 {[%emt 0:00:00]} 3. Nxe5 {[%emt 0:00:00]} d6 {[%emt 0:00:00]} 4. Nf3 {[%emt 0:00:00]} Nxe4 {[%emt 0:00:00]} 5. Nc3 {[%emt 0:00:00]} Nf6 {[%emt 0:02:06]} 6. d4 {[%emt 0:00:00]} Be7 {[%emt 0:00:38]} 7. Bd3 {[%emt 0:00:09]} O-O {[%emt 0:00:14]} 8. O-O {[%emt 0:00:03]} Re8 {[%emt 0:04:38]} 9. Re1 {[%emt 0:04:57]} c6 {[%emt 0:03:23]} 10. d5 {[%emt 0:14:51]} cxd5 {[%emt 0:05:26]} 11. Bg5 {[%emt 0:08:59]} Nc6 {[%emt 0:06:06]} 12. Bxf6 {[%emt 0:20:41]} Bxf6 {[%emt 0:01:09]} 13. Rxe8+ {[%emt 0:00:04]} Qxe8 {[%emt 0:00:07]} 14. Nxd5 {[%emt 0:00:02]} Bd8 {[%emt 0:16:07]} 15. c3 {[%emt 0:02:41]} Ne5 {[%emt 0:10:55]} 16. Be4 {[%emt 0:08:07]} Bd7 {[%emt 0:07:21]} 17. Nd4 {[%emt 0:09:10]} g6 {[%emt 0:03:24]} 18. Qe2 {[%emt 0:09:48]} Bc6 {[%emt 0:02:18]} 19. g3 {[%emt 0:05:14]} Nd7 {[%emt 0:07:03]} 20. Re1 {[%emt 0:06:38]} Nc5 {[%emt 0:01:41]} 21. Nxc6 {[%emt 0:00:36]} bxc6 {[%emt 0:00:58]} 22. Nb4 {[%emt 0:00:02]} d5 {[%emt 0:05:25]} 23. Bc2 {[%emt 0:01:42]} Qxe2 {[%emt 0:04:08]} 24. Rxe2 {[%emt 0:00:01]} Bf6 {[%emt 0:04:12]} 25. Nxc6 {[%emt 0:00:20]} a5 {[%emt 0:00:17]} 26. b4 {[%emt 0:02:37]} Rc8 {[%emt 0:05:27]} 27. Ne7+ {[%emt 0:02:35]} Bxe7 {[%emt 0:00:07]} 28. Rxe7 {[%emt 0:00:01]} axb4 {[%emt 0:01:52]} 29. cxb4 {[%emt 0:00:01]} Na6 {[%emt 0:01:18]} 30. Bb3 {[%emt 0:00:08]} Nxb4 {[%emt 0:01:50]} 31. Rb7 {[%emt 0:00:01]} Nd3 {[%emt 0:02:30]} 32. Bxd5 {[%emt 0:00:02]} Rc1+ {[%emt 0:01:20]} 33. Kg2 {[%emt 0:00:02]} Ne1+ {[%emt 0:00:10]} 34. Kh3 {[%emt 0:02:22]} Rc5 {[%emt 0:00:14]} 35. Bxf7+ {[%emt 0:00:59]} Kf8 {[%emt 0:00:12]} 36. Bb3 {[%emt 0:02:16]} Rh5+ {[%emt 0:00:18]} 37. Kg4 {[%emt 0:00:05]} Nd3 {[%emt 0:00:59]} 38. f4 {[%emt 0:01:07]} Rxh2 {[%emt 0:00:15]} 39. Bc4 {[%emt 0:02:07]} Nc5 {[%emt 0:00:57]} 40. Rf7+ {[%emt 0:00:41]} Ke8 {[%emt 0:00:03]} 41. Rf6 {[%emt 0:03:36]} Kd7 {[%emt 0:06:48]} 42. Kf3 {[%emt 0:07:07]} Rd2 {[%emt 0:09:54]} 43. Rf7+ {[%emt 0:08:41]} Kd6 {[%emt 0:00:42]} 44. Rxh7 {[%emt 0:03:16]} Rc2 {[%emt 0:00:20]} 45. Bb5 {[%emt 0:00:02]} Rxa2 {[%emt 0:15:37]} 46. Rg7 {[%emt 0:02:07]} Ra3+ {[%emt 0:00:17]} 47. Kg2 {[%emt 0:00:45]} Ne4 {[%emt 0:00:38]} 48. Rxg6+ {[%emt 0:00:07]} Kc5 {[%emt 0:00:01]} 49. Bd7 {[%emt 0:05:25]} Kd4 {[%emt 0:02:18]} 50. Bc6 {[%emt 0:00:27]} Ra2+ {[%emt 0:00:39]} 51. Kh3 {[%emt 0:00:43]} Nf2+ {[%emt 0:01:41]} 1/2-1/2

[Event "ESP chT Honor Division 2019"]
[Site "Melilla"]
[Date "2019.10.04"]
[Round "5.8"]
[White "Peralta, Fernando"]
[Black "Ponomariov, Ruslan"]
[Result "1/2-1/2"]
[WhiteElo "2569"]
[BlackElo "2675"]
[Annotator "ChessBase"]
[PlyCount "53"]
[EventDate "2019.09.30"]
[EventType "team-tourn"]
[EventCountry "ESP"]
[SourceTitle "playchess.com"]
[Source "ChessBase"]
[SourceQuality "1"]
[TimeControl "40/5400+30:1800+30"]

1. d4 {[%emt 0:00:00]} d5 {[%emt 0:00:00]} 2. c4 {[%emt 0:00:14]} c6 {[%emt 0:00:00]} 3. Nf3 {[%emt 0:00:29]} Nf6 {[%emt 0:00:06]} 4. Nc3 {[%emt 0:00:12]} dxc4 {[%emt 0:00:24]} 5. a4 {[%emt 0:00:10]} Bf5 {[%emt 0:00:12]} 6. e3 {[%emt 0:00:36]} e6 {[%emt 0:00:22]} 7. Bxc4 {[%emt 0:00:07]} Bb4 {[%emt 0:00:31]} 8. O-O {[%emt 0:00:08]} O-O {[%emt 0:00:23]} 9. Qe2 {[%emt 0:00:59]} Bg6 {[%emt 0:01:09]} 10. Ne5 {[%emt 0:00:49]} Nbd7 {[%emt 0:00:27]} 11. Nxg6 {[%emt 0:00:52]} hxg6 {[%emt 0:00:07]} 12. Rd1 {[%emt 0:00:13]} Qa5 {[%emt 0:01:06]} 13. Na2 {[%emt 0:07:53]} Qxa4 {[%emt 0:16:02]} 14. e4 {[%emt 0:05:57]} Qa5 {[%emt 0:02:49]} 15. Nxb4 {[%emt 0:01:35]} Qxb4 {[%emt 0:00:19]} 16. Ra3 {[%emt 0:11:46]} b5 {[%emt 0:09:41]} 17. Ba2 {[%emt 0:03:31]} e5 {[%emt 0:00:38]} 18. Rg3 {[%emt 0:18:39]} exd4 {[%emt 0:12:10]} 19. Rxg6 {[%emt 0:02:26]} Ne5 {[%emt 0:10:04]} 20. Rxf6 {[%emt 0:10:32]} gxf6 {[%emt 0:01:07]} 21. Qh5 {[%emt 0:00:51]} d3 {[%emt 0:05:53]} 22. f4 {[%emt 0:06:16]} Nc4 {[%emt 0:03:13]} 23. Qg4+ {[%emt 0:02:39]} Kh7 {[%emt 0:00:23]} 24. Qh4+ {[%emt 0:00:16]} Kg7 {[%emt 0:00:16]} 25. Qg4+ {[%emt 0:05:07]} Kh7 {[%emt 0:00:27]} 26. Qf5+ {[%emt 0:04:57]} Kg8 {[%emt 0:04:24]} 27. Qg4+ 1/2-1/2

[Event "ESP chT Honor Division 2019"]
[Site "Melilla"]
[Date "2019.10.04"]
[Round "5.9"]
[White "Anton Guijarro, David"]
[Black "Korneev, Oleg"]
[Result "0-1"]
[WhiteElo "2674"]
[BlackElo "2504"]
[Annotator "ChessBase"]
[PlyCount "80"]
[EventDate "2019.09.30"]
[EventType "team-tourn"]
[EventCountry "ESP"]
[SourceTitle "playchess.com"]
[Source "ChessBase"]
[SourceQuality "1"]
[TimeControl "40/5400+30:1800+30"]

1. c4 {[%emt 0:00:00]} c6 {[%emt 0:00:12]} 2. d4 {[%emt 0:00:50]} d5 {[%emt 0:02:28]} 3. Nf3 {[%emt 0:00:20]} Nf6 {[%emt 0:00:02]} 4. Nc3 {[%emt 0:00:44]} e6 {[%emt 0:00:05]} 5. e3 {[%emt 0:00:35]} Nbd7 {[%emt 0:00:04]} 6. Qc2 {[%emt 0:00:42]} Bd6 {[%emt 0:00:04]} 7. b3 {[%emt 0:00:41]} O-O {[%emt 0:08:09]} 8. Be2 {[%emt 0:00:24]} b6 {[%emt 0:02:13]} 9. O-O {[%emt 0:00:32]} Bb7 {[%emt 0:00:02]} 10. Bb2 {[%emt 0:00:07]} Qe7 {[%emt 0:00:05]} 11. Rfe1 Rfe8 {[%emt 0:06:29]} 12. Rad1 {[%emt 0:02:01]} Rad8 {[%emt 0:00:35]} 13. Bf1 {[%emt 0:00:17]} e5 {[%emt 0:02:21]} 14. dxe5 {[%emt 0:00:30]} Nxe5 {[%emt 0:00:30]} 15. Nd4 {[%emt 0:00:02]} dxc4 {[%emt 0:08:22]} 16. bxc4 {[%emt 0:10:15]} Qc7 17. h3 Bf8 {[%emt 0:15:50]} 18. f4 {[%emt 0:07:33]} Ng6 {[%emt 0:15:10]} 19. g3 {[%emt 0:36:51]} h5 {[%emt 0:13:00]} 20. Re2 {[%emt 0:00:44]} Bc5 {[%emt 0:02:58]} 21. Nf5 {[%emt 0:00:30]} Bc8 {[%emt 0:04:47]} 22. Rde1 {[%emt 0:16:01]} Qd7 {[%emt 0:10:58]} 23. Nh4 Nxh4 {[%emt 0:00:30]} 24. gxh4 {[%emt 0:04:14]} Qf5 {[%emt 0:01:25]} 25. Qc1 {[%emt 0:08:13]} Qxf4 {[%emt 0:01:03]} 26. Na4 {[%emt 0:00:03]} Qxh4 {[%emt 0:03:35]} 27. Nxc5 {[%emt 0:00:17]} bxc5 {[%emt 0:00:30]} 28. Bg2 {[%emt 0:03:26]} Bxh3 {[%emt 0:00:56]} 29. Bxf6 {[%emt 0:00:53]} gxf6 {[%emt 0:00:01]} 30. Bxh3 {[%emt 0:00:25]} Qxh3 {[%emt 0:00:02]} 31. Rg2+ {[%emt 0:01:01]} Kh8 {[%emt 0:00:52]} 32. e4 {[%emt 0:05:11]} Kh7 {[%emt 0:00:01]} 33. e5 {[%emt 0:00:55]} Rg8 {[%emt 0:01:55]} 34. Qc2+ {[%emt 0:00:29]} f5 {[%emt 0:00:46]} 35. Ree2 {[%emt 0:00:46]} Rxg2+ {[%emt 0:00:08]} 36. Rxg2 {[%emt 0:00:02]} Qe3+ {[%emt 0:01:09]} 37. Rf2 {[%emt 0:00:04]} Qe1+ {[%emt 0:00:32]} 38. Kh2 {[%emt 0:01:07]} Qxe5+ {[%emt 0:00:02]} 39. Kh3 {[%emt 0:00:15]} Qe3+ {[%emt 0:00:21]} 40. Kh2 {[%emt 0:00:11]} Rd3 {[%emt 0:00:24]} 0-1

[Event "ESP chT Honor Division 2019"]
[Site "Melilla"]
[Date "2019.10.04"]
[Round "5.10"]
[White "Asis Gargatagli, Hipolito"]
[Black "Lopez Martinez, Josep Manuel"]
[Result "0-1"]
[WhiteElo "2511"]
[BlackElo "2573"]
[Annotator "ChessBase"]
[PlyCount "79"]
[EventDate "2019.09.30"]
[EventType "team-tourn"]
[EventCountry "ESP"]
[SourceTitle "playchess.com"]
[Source "ChessBase"]
[SourceQuality "1"]
[TimeControl "40/5400+30:1800+30"]

1. e4 {[%emt 0:00:00]} e5 {[%emt 0:00:00]} 2. Nf3 {[%emt 0:00:00]} Nc6 3. d4 {[%emt 0:00:00]} exd4 {[%emt 0:00:45]} 4. Nxd4 {[%emt 0:00:07]} Nf6 {[%emt 0:00:56]} 5. Nxc6 {[%emt 0:00:11]} bxc6 6. e5 {[%emt 0:00:04]} Qe7 {[%emt 0:00:53]} 7. Qe2 {[%emt 0:00:10]} Nd5 {[%emt 0:00:50]} 8. h4 a5 {[%emt 0:01:56]} 9. g3 {[%emt 0:00:54]} Nb6 {[%emt 0:04:57]} 10. Nc3 {[%emt 0:24:09]} Ba6 {[%emt 0:07:46]} 11. Qe4 {[%emt 0:01:12]} Bxf1 {[%emt 0:02:58]} 12. Kxf1 {[%emt 0:02:22]} Qe6 {[%emt 0:01:26]} 13. b3 {[%emt 0:15:53]} Bb4 {[%emt 0:04:33]} 14. Bb2 {[%emt 0:11:23]} Bxc3 {[%emt 0:06:18]} 15. Bxc3 {[%emt 0:00:22]} f5 {[%emt 0:01:23]} 16. Qd4 {[%emt 0:04:34]} O-O {[%emt 0:05:56]} 17. f4 {[%emt 0:02:53]} a4 18. Kf2 Rfb8 {[%emt 0:12:49]} 19. Rhe1 {[%emt 0:06:28]} Nd5 20. Bd2 {[%emt 0:13:48]} Kf7 {[%emt 0:02:37]} 21. Red1 {[%emt 0:00:36]} Ke8 {[%emt 0:02:39]} 22. Re1 {[%emt 0:06:30]} Rb7 {[%emt 0:04:42]} 23. Kg1 Ne7 {[%emt 0:26:04]} 24. Qf2 {[%emt 0:01:24]} Rb5 {[%emt 0:01:00]} 25. Be3 {[%emt 0:00:30]} axb3 {[%emt 0:02:11]} 26. axb3 {[%emt 0:00:04]} Rba5 {[%emt 0:00:11]} 27. Rad1 {[%emt 0:03:07]} Ra2 {[%emt 0:03:07]} 28. Bd4 {[%emt 0:03:44]} Nd5 {[%emt 0:03:41]} 29. Qd2 {[%emt 0:00:55]} R8a3 30. Ra1 {[%emt 0:00:35]} Qg6 {[%emt 0:01:05]} 31. Kf2 Rxb3 {[%emt 0:04:01]} 32. Rxa2 {[%emt 0:01:54]} Qxg3+ {[%emt 0:00:03]} 33. Kf1 {[%emt 0:00:04]} Rf3+ {[%emt 0:00:48]} 34. Ke2 {[%emt 0:02:35]} Qg4 35. Rg1 {[%emt 0:00:03]} Re3+ {[%emt 0:00:49]} 36. Kf1 Qf3+ {[%emt 0:00:48]} 37. Qf2 {[%emt 0:00:48]} Qd1+ {[%emt 0:00:19]} 38. Kg2 {[%emt 0:00:11]} Qxd4 {[%emt 0:00:16]} 39. Ra8+ Kf7 40. c3 {[%emt 0:01:58]} 0-1

[Event "ESP chT Honor Division 2019"]
[Site "Melilla"]
[Date "2019.10.04"]
[Round "5.11"]
[White "Ibarra Jerez, Jose Carlos"]
[Black "Moskalenko, Viktor"]
[Result "1-0"]
[WhiteElo "2538"]
[BlackElo "2475"]
[Annotator "ChessBase"]
[PlyCount "93"]
[EventDate "2019.09.30"]
[EventType "team-tourn"]
[EventCountry "ESP"]
[SourceTitle "playchess.com"]
[Source "ChessBase"]
[SourceQuality "1"]
[TimeControl "40/5400+30:1800+30"]

1. e4 {[%emt 0:00:00]} e6 {[%emt 0:00:00]} 2. d4 {[%emt 0:00:31]} d5 3. Nd2 {[%emt 0:00:12]} Nf6 {[%emt 0:01:29]} 4. e5 {[%emt 0:00:37]} Nfd7 {[%emt 0:00:00]} 5. f4 {[%emt 0:04:22]} c5 {[%emt 0:00:46]} 6. Ngf3 {[%emt 0:00:11]} Nc6 {[%emt 0:35:10]} 7. Nb3 Qb6 {[%emt 0:00:07]} 8. dxc5 {[%emt 0:03:25]} Bxc5 {[%emt 0:00:06]} 9. Nxc5 {[%emt 0:00:25]} Nxc5 {[%emt 0:00:30]} 10. c3 {[%emt 0:01:03]} O-O {[%emt 0:05:08]} 11. Qc2 {[%emt 0:05:21]} Ne4 {[%emt 0:07:05]} 12. Bd3 {[%emt 0:17:12]} f5 {[%emt 0:17:24]} 13. Qe2 {[%emt 0:07:18]} Nc5 {[%emt 0:01:02]} 14. Bb1 {[%emt 0:09:55]} Qc7 {[%emt 0:06:24]} 15. O-O {[%emt 0:06:56]} a5 {[%emt 0:06:39]} 16. g4 {[%emt 0:02:21]} b6 {[%emt 0:08:38]} 17. Qg2 {[%emt 0:13:52]} Ne7 {[%emt 0:01:10]} 18. Nd4 Ne4 {[%emt 0:01:12]} 19. h3 {[%emt 0:02:33]} Qd7 20. a4 {[%emt 0:02:28]} Ba6 {[%emt 0:01:38]} 21. Rd1 {[%emt 0:00:54]} Nc6 22. gxf5 {[%emt 0:04:03]} Nxd4 {[%emt 0:03:47]} 23. Rxd4 {[%emt 0:03:23]} Nc5 {[%emt 0:00:12]} 24. Bc2 {[%emt 0:03:18]} exf5 {[%emt 0:01:10]} 25. Qxd5+ {[%emt 0:00:52]} Qxd5 {[%emt 0:00:22]} 26. Rxd5 {[%emt 0:00:01]} Bb7 {[%emt 0:02:04]} 27. Rd6 {[%emt 0:00:59]} Be4 {[%emt 0:00:16]} 28. Bxe4 {[%emt 0:01:32]} fxe4 {[%emt 0:00:55]} 29. Rxb6 {[%emt 0:02:39]} Nd3 30. e6 {[%emt 0:03:39]} Rae8 {[%emt 0:01:10]} 31. Be3 {[%emt 0:00:30]} Nxf4 {[%emt 0:00:15]} 32. Bxf4 {[%emt 0:00:47]} Rxf4 {[%emt 0:00:01]} 33. Re1 {[%emt 0:00:42]} g5 {[%emt 0:00:25]} 34. Rb5 {[%emt 0:01:32]} Rxe6 {[%emt 0:00:15]} 35. Rxg5+ {[%emt 0:00:39]} Kf7 {[%emt 0:00:18]} 36. Rf1 Rxf1+ {[%emt 0:01:17]} 37. Kxf1 {[%emt 0:00:34]} Rh6 {[%emt 0:00:26]} 38. Rxa5 {[%emt 0:00:42]} Rxh3 {[%emt 0:00:04]} 39. Rb5 {[%emt 0:00:21]} Rh1+ {[%emt 0:00:32]} 40. Kf2 Kg6 {[%emt 0:00:00]} 41. a5 {[%emt 0:08:39]} h5 {[%emt 0:02:02]} 42. b4 {[%emt 0:05:42]} h4 {[%emt 0:03:06]} 43. a6 {[%emt 0:03:19]} h3 {[%emt 0:00:23]} 44. a7 {[%emt 0:00:30]} h2 {[%emt 0:00:30]} 45. a8=Q {[%emt 0:01:44]} Rf1+ {[%emt 0:00:32]} 46. Ke2 {[%emt 0:00:15]} Re1+ {[%emt 0:00:30]} 47. Kd2 1-0

[Event "ESP chT Honor Division 2019"]
[Site "Melilla"]
[Date "2019.10.04"]
[Round "5.12"]
[White "Milliet, Sophie"]
[Black "Vega Gutierrez, Sabrina"]
[Result "1/2-1/2"]
[WhiteElo "2400"]
[BlackElo "2395"]
[Annotator "NA"]
[PlyCount "87"]
[EventDate "2019.09.30"]
[EventType "team-tourn"]
[EventCountry "ESP"]
[SourceTitle "playchess.com"]
[Source "ChessBase"]
[SourceQuality "1"]
[TimeControl "40/5400+30:1800+30"]

1. e4 {[%emt 0:00:00]} c5 {[%emt 0:00:00]} 2. Nf3 {[%emt 0:00:00]} Nc6 {[%emt 0:00:00]} 3. Bb5 {[%emt 0:00:00]} e6 {[%emt 0:00:08]} 4. O-O {[%emt 0:00:22]} Nge7 {[%emt 0:00:20]} 5. Re1 {[%emt 0:00:50]} a6 {[%emt 0:00:11]} 6. Bxc6 {[%emt 0:00:29]} Nxc6 {[%emt 0:00:10]} 7. d4 {[%emt 0:00:11]} cxd4 {[%emt 0:00:10]} 8. Nxd4 {[%emt 0:00:03]} d6 {[%emt 0:09:54]} 9. Nc3 {[%emt 0:00:11]} Be7 {[%emt 0:01:44]} 10. Nxc6 {[%emt 0:00:25]} bxc6 {[%emt 0:00:09]} 11. Qg4 {[%emt 0:00:19]} Kf8 {[%emt 0:00:22]} 12. Qh5 {[%emt 0:00:46]} e5 {[%emt 0:29:48]} 13. f4 {[%emt 0:29:10]} f6 {[%emt 0:02:34]} 14. fxe5 {[%emt 0:03:36]} dxe5 {[%emt 0:00:20]} 15. Be3 {[%emt 0:00:20]} Be6 {[%emt 0:08:28]} 16. Na4 {[%emt 0:02:09]} Qa5 {[%emt 0:03:32]} 17. b3 {[%emt 0:00:11]} Rb8 {[%emt 0:00:16]} 18. Rad1 {[%emt 0:09:37]} Qb4 {[%emt 0:14:14]} 19. Qf3 {[%emt 0:08:56]} Kf7 {[%emt 0:01:00]} 20. c3 {[%emt 0:00:54]} Qb5 {[%emt 0:03:10]} 21. Qf2 {[%emt 0:01:18]} Rhd8 {[%emt 0:02:59]} 22. h3 {[%emt 0:09:09]} Rxd1 {[%emt 0:12:51]} 23. Rxd1 {[%emt 0:00:03]} Rd8 {[%emt 0:00:11]} 24. Rxd8 {[%emt 0:05:08]} Bxd8 {[%emt 0:00:02]} 25. Qd2 {[%emt 0:00:27]} Be7 {[%emt 0:02:03]} 26. Bf2 {[%emt 0:14:09]} Qb8 {[%emt 0:04:37]} 27. Qe2 {[%emt 0:02:36]} Qb5 {[%emt 0:03:16]} 28. c4 {[%emt 0:01:54]} Qb4 {[%emt 0:00:31]} 29. Qh5+ {[%emt 0:04:59]} Kf8 {[%emt 0:00:03]} 30. Qxh7 {[%emt 0:00:15]} Qd2 {[%emt 0:00:59]} 31. Nc5 {[%emt 0:02:07]} Bg8 {[%emt 0:00:55]} 32. Qf5 {[%emt 0:00:41]} Qc1+ {[%emt 0:00:29]} 33. Kh2 {[%emt 0:00:04]} Bxc5 {[%emt 0:00:33]} 34. Bxc5+ {[%emt 0:00:07]} Kf7 {[%emt 0:00:14]} 35. Qd7+ {[%emt 0:02:44]} Kg6 {[%emt 0:00:02]} 36. Qf5+ {[%emt 0:01:08]} Kh6 {[%emt 0:00:49]} 37. Bd6 {[%emt 0:02:26]} Qd2 {[%emt 0:00:50]} 38. c5 {[%emt 0:00:39]} Bh7 {[%emt 0:00:22]} 39. Qg4 {[%emt 0:00:07]} Qg5 {[%emt 0:00:36]} 40. Qf3 {[%emt 0:00:14]} Qg6 {[%emt 0:00:35]} 41. Bf8 {[%emt 0:15:42]} Qg5 {[%emt 0:02:04]} 42. Bd6 {[%emt 0:04:10]} Bg6 {[%emt 0:08:29]} 43. Qg3 {[%emt 0:09:09]} Bxe4 {[%emt 0:02:20]} 44. Qxg5+ {[%emt 0:00:15]} 1/2-1/2